Collisional processes in the solar system (Record no. 14499)

MARC details
000 -LEADER
fixed length control field 00644nam a2200205Ia 4500
003 - CONTROL NUMBER IDENTIFIER
control field IN-BaIIA
008 - FIXED-LENGTH DATA ELEMENTS--GENERAL INFORMATION
fixed length control field 211028s9999 xx 000 0 eng d
020 ## - INTERNATIONAL STANDARD BOOK NUMBER
International Standard Book Number 0-7923-6946-7
040 ## - CATALOGING SOURCE
Transcribing agency IIA Library
080 ## - UNIVERSAL DECIMAL CLASSIFICATION NUMBER
Universal Decimal Classification number 52(082.1)
Item number ASS-261
245 #0 - TITLE STATEMENT
Title Collisional processes in the solar system
Statement of responsibility, etc. edited by Mikhail Ya Marov and Hans Rickman
260 ## - PUBLICATION, DISTRIBUTION, ETC.
Place of publication, distribution, etc. Dordrecht
Name of publisher, distributor, etc. Kluwer Academic
Date of publication, distribution, etc. 2001
300 ## - PHYSICAL DESCRIPTION
Extent x, 357p.
490 ## - SERIES STATEMENT
Series statement Astrophysics and space science library; v. 261
650 ## - SUBJECT ADDED ENTRY--TOPICAL TERM
Topical term or geographic name entry element Collisional processes
9 (RLIN) 25747
650 ## - SUBJECT ADDED ENTRY--TOPICAL TERM
Topical term or geographic name entry element Solar system
700 ## - ADDED ENTRY--PERSONAL NAME
Personal name Marov, Mikhail Ya, ed.
9 (RLIN) 25748
700 ## - ADDED ENTRY--PERSONAL NAME
Personal name Rickman, Hans., ed.
9 (RLIN) 25749
942 ## - ADDED ENTRY ELEMENTS (KOHA)
Koha item type Books
Holdings
Withdrawn status Lost status Damaged status Not for loan Home library Current library Shelving location Date acquired Source of acquisition Cost, normal purchase price Total Checkouts Full call number Barcode Date last seen Cost, replacement price Price effective from Koha item type Purchase Price
        IIA Library-Bangalore IIA Library-Bangalore General Stacks 19/02/2002 ANJ 5710.90   52(082.1)/ ASS-261 15421 05/11/2021 5710.90 19/02/2002 Books Rs. 5710.90

Powered by Koha